Markets (Record no. 84188)

MARC details
000 -LEADER
fixed length control field 01028cab a22001935a 4500
001 - CONTROL NUMBER
control field L156889
008 - FIXED-LENGTH DATA ELEMENTS--GENERAL INFORMATION
fixed length control field 120727e2012 xxk 000 0 eng d
035 ## - SYSTEM CONTROL NUMBER
System control number (Sirsi) u156889
041 0# - LANGUAGE CODE
Language code of text/sound track or separate title eng
100 1# - MAIN ENTRY--PERSONAL NAME
Personal name Stewart, Sarah
245 00 - TITLE STATEMENT
Title Markets
Remainder of title trade counters, self-storage and roadside
260 ## - PUBLICATION, DISTRIBUTION, ETC.
Date of publication, distribution, etc. 2012
490 #0 - SERIES STATEMENT
Series statement Property Week
Volume/sequential designation 78(29) 20 July 2012, 49- 54(4)
520 ## - SUMMARY, ETC.
Summary, etc. Surveys activity in the trade counter, self-storage and roadside sectors. Self-storage operators are considering a legal challenge against government plans to apply VAT to self-storage space from 1 October 2012. Car servicers In'n'Out and Halfords are looking at new ways of expanding in a tough climate. YESSS (Your Electrical Supplies Services and Solutions) plans to establish itself in the UK trade counter market in the autumn. Outlines Little Chef's business plans including the introduction of its new-format roadside restaurants.
590 ## - LOCAL NOTE (RLIN)
Local note KA
651 #4 - SUBJECT ADDED ENTRY--GEOGRAPHIC NAME
Geographic name United Kingdom
690 ## - LOCAL SUBJECT ADDED ENTRY--TOPICAL TERM (OCLC, RLIN)
Topical term or geographic name as entry element Commercial property
9 (RLIN) 6227
942 ## - ADDED ENTRY ELEMENTS (KOHA)
Suppress in OPAC 0
Holdings
Withdrawn status Lost status Source of classification or shelving scheme Damaged status Not for loan Home library Current library Shelving location Date acquired Total Checkouts Full call number Barcode Date last seen Copy number Price effective from Koha item type
    Dewey Decimal Classification     London London Journal article 27/07/2012   L156889 156889-1001 06/08/2019 1 06/08/2019 Journal article